000
00295nam a22001337a 4500
008
170616b xxu||||| |||| 00| 0 eng d
020
_a
9780618102112
041
_a
eng
080
_2
3 ED
_a
94
100
_a
20
101
_a
SHP
245
_a
WESTERN CIVILIZATION
_c
NOBBLE.S
942
_2
udc
_c
BK
999
_c
17913
_d
17913